00729cam a22002411 4500001001300000003000400013005001700017008004100034010001700075025001900092040001800111041001100129050002800140100002600168240002400194245011200218260005200330300002400382350001300406500003000419651002100449999001700470sa 68012218 DLC20260227112608.0711115s1966 pk 000 1 eng  asa 68012218  aPL480:P-E-1229 aDLCcDLCdDLC1 aengund00aPZ4.Y3bWi3aPL248.Y2750 aYas˧ar Kemal,d1922-10aOrtadirek.lEnglish14aThe wind from the plain;ba novel from Turkeyc[by] Yashar Kemal. [Translated into English by Thilda Kemal. aLahore]bAfro-Asian Book Club, Pakistanc[1966] axii, 260 p.c19 cm. aRs6a/10 aTranslation of Ortadirek. 0aTurkeyxFiction. c84396d84396